| 000 | 00758cab a2200229 4500 | ||
|---|---|---|---|
| 001 | WB2826-42 | ||
| 008 | 090401t1992 xxu||||| |||| 00| 0 eng d | ||
| 035 | _a(Sirsi) u49607 | ||
| 041 | _aeng | ||
| 245 | _aTighter building controls? | ||
| 260 | _c1992 | ||
| 350 | _a0 | ||
| 490 |
_aCS Monthly _bthe Building Surveyor _v1(10) July 1992, 1 (1) |
||
| 520 | _aAt a seminar run by the Construction Industry Environmental Forum, a revival of town centre development was suggested as a result of pressure to reduce road traffic. | ||
| 650 | _aCARBON DIOXIDE EMISSIONS | ||
| 650 | _aECOTEC RESEARCH AND CONSULTING LTD | ||
| 650 | _aGREENHOUSE EFFECT | ||
| 650 | _aTRANSPORT | ||
| 690 | _aPLANNING LAW AND PRACTICE | ||
| 942 | _n0 | ||
| 948 | _c04/03/1997 | ||
| 999 |
_c31056 _d31056 |
||